000 00435nam a2200169Ia 4500
005 20250508154722.0
008 008 250505s9999 xx 000 0 eng d
037 _aTextual
040 _aFEDL
_beng
_cFEDL
041 _aeng
_2eng
084 _a371.1473, PAN
_qFEDL
100 _aPananikar S
_9765927
245 0 _aTeachers in India
300 _a20p.
942 _cTEXL
_h371.1473, PAN
999 _c1351771
_d1351771